Návrh opatrení na zlepšenie odpadového hospodárstva v spoločnosti ŽOS Trnava, a. s.

Uložené v:
Podrobná bibliografia
Hlavný autor: Čapanda, Kristijan (Autor)
Ďalší autori: Juráček, Lukáš (Vedúci práce)
Médium: Rukopis Kniha
Jazyk:Slovak
Vydavateľské údaje: 2025
Predmet:
On-line prístup:http://is.stuba.sk/zp/portal_zp.pl?podrobnosti=185931
Tagy: Pridať tag
Žiadne tagy, Buďte prvý, kto otaguje tento záznam!

MARC

LEADER 00000ntm a22000003a 4500
001 stuzp104227
003 SK-STU
005 20250628211343.0
007 ta
008 150427s2015----xo-----f-mn---000-0-slo-d
040 |a STU  |b slo 
041 0 |a slo 
100 1 |a Čapanda, Kristijan  |u 064000  |4 aut  |U MTF Materiálovotechnologická fakulta  |T MTF Ústav priemyselného inžinierstva a manažmentu  |X 116368  |U M4000  |Y 84  |7 116368 
242 0 1 |a Proposal for Measures to Improve Waste Management in ŽOS Trnava, a. s.  |y eng 
245 1 0 |a Návrh opatrení na zlepšenie odpadového hospodárstva v spoločnosti ŽOS Trnava, a. s. 
260 |c 2025 
650 4 |a odpadové hospodárstvo  |2 slo 
650 4 |a zmesový komunálny odpad  |2 slo 
650 4 |a zmiešaný obalový odpad  |2 slo 
650 4 |a znižovanie nákladov  |2 slo 
650 4 |a separovanie odpadu  |2 slo 
650 4 |a waste management  |2 eng 
650 4 |a mixed packaging waste  |2 eng 
650 4 |a cost reduction  |2 eng 
650 4 |a waste separation  |2 eng 
650 4 |a mixed municipal waste  |2 eng 
700 1 |a Juráček, Lukáš  |u 064000  |k Z3  |4 ths  |U MTF Materiálovotechnologická fakulta  |T MTF Ústav priemyselného inžinierstva a manažmentu  |X 85527  |U M4000  |Y 84  |7 85527 
856 4 |u http://is.stuba.sk/zp/portal_zp.pl?podrobnosti=185931 
996 |c M* BP-9893  |l MMSKP  |s P  |a 0  |w stuzp104227_0001